Fußballvereine von Oliver Bierhoff - Statistiken

Allgemein
  • Dieses Quiz wurde 32 mal gespielt
  • Das Durchschnittsergebnis liegt bei 4 aus 9
Antwortstatistiken
Spiele Tore Vorlagen Verein % Korrekt
119 44 25 AC Mailand
89%
96 62 9 Udinese Calcio
64%
38 7 4 Hamburger SV
54%
8 0 0 VfL Borussia Mönchengladbach
46%
25 7 0 AS Monaco
39%
41 10 0 Bayer 05 Uerdingen
32%
124 49 0 Ascoli Calcio
21%
30 7 0 Chievo Verona
18%
36 27 0 SV Austria Salzburg
14%
Keine übereinstimmenden Quizze gefunden
Verteilung der Resultate
Anzahl Personen mit jedem Resultat
Perzentil nach korrekt beantworteten Fragen
Ihre Resultats-Entwicklung
Sie haben dieses Quiz noch nicht gespielt